[Event "RSA-ch U16 Girls"]
[Site "Gauteng"]
[Date "2017.04.10"]
[Round "9"]
[White "Saayman, Anais"]
[Black "Steyn, Lene"]
[Result "1-0"]
[WhiteElo "1256"]
[BlackElo "1080"]
[PlyCount "34"]
[EventDate "2017.04.05"]
[EventType "swiss"]
[EventRounds "11"]
[EventCountry "RSA"]
[SourceTitle "CBM 177 Extra"]
[Source "ChessBase"]
[SourceDate "2017.04.27"]
[SourceVersion "1"]
[SourceVersionDate "2017.04.27"]
[SourceQuality "1"]

1. e4 e5 2. Nf3 Nc6 3. Bc4 Bc5 4. d3 Nf6 5. Nc3 d6 6. Be3 Nd4 7. Bxd4 Bxd4 8. 0-0 Bg4 9. h3 h5 10. hxg4 Nxg4 11. Qd2 c6 12. Qg5 Qxg5 13. Nxg5 0-0-0 14. Nxf7 Bxf2+ 15. Rxf2 Nxf2 16. Nxd8 Rxd8 17. Kxf2 Rf8+ 1-0

[Event "RSA-ch U16 Girls"]
[Site "Gauteng"]
[Date "2017.04.05"]
[Round "1"]
[White "Steyn, Lene"]
[Black "Smith, Elani"]
[Result "0-1"]
[WhiteElo "1080"]
[BlackElo "1392"]
[PlyCount "48"]
[EventDate "2017.04.05"]
[EventType "swiss"]
[EventRounds "11"]
[EventCountry "RSA"]
[SourceTitle "CBM 177 Extra"]
[Source "ChessBase"]
[SourceDate "2017.04.27"]
[SourceVersion "1"]
[SourceVersionDate "2017.04.27"]
[SourceQuality "1"]

1. e4 c5 2. Nc3 g6 3. Bc4 Nc6 4. f4 Bg7 5. Nf3 a6 6. a4 e6 7. 0-0 Nge7 8. d3 0-0 9. Qe1 d5 10. exd5 exd5 11. Ba2 Nb4 12. Bb3 c4 13. Na2 cxb3 14. Nxb4 a5 15. f5 Nxf5 16. Bg5 Qb6+ 17. Be3 Nxe3 18. Qf2 axb4 19. Rae1 d4 20. Ng5 Nxf1 21. Re8 Bf5 22. Rxa8 Rxa8 23. g4 Qf6 24. gxf5 Qxg5+ 0-1

[Event "RSA-ch U14 Girls"]
[Site "Waterkloof"]
[Date "2015.04.07"]
[Round "6"]
[White "Mohideen, Hasinath"]
[Black "Steyn, Lene"]
[Result "1-0"]
[WhiteElo "986"]
[BlackElo "1073"]
[PlyCount "20"]
[EventDate "2015.04.04"]
[EventType "swiss"]
[EventRounds "9"]
[EventCountry "RSA"]
[SourceTitle "CBM 166 Extra"]
[Source "ChessBase"]
[SourceDate "2015.06.18"]
[SourceVersion "1"]
[SourceVersionDate "2015.06.18"]
[SourceQuality "1"]

1. e4 e5 2. Nf3 Nc6 3. Bb5 Nf6 4. Nc3 Bb4 5. d3 d5 6. exd5 Nxd5 7. Bd2 a6 8. Nxd5 Qxd5 9. Bxc6+ bxc6 10. 0-0 0-0 1-0

[Event "RSA-ch U14 Girls"]
[Site "Waterkloof"]
[Date "2015.04.04"]
[Round "2"]
[White "Steyn, Lene"]
[Black "Van der Walt, Marelize"]
[Result "0-1"]
[WhiteElo "1073"]
[BlackElo "1155"]
[PlyCount "104"]
[EventDate "2015.04.04"]
[EventType "swiss"]
[EventRounds "9"]
[EventCountry "RSA"]
[SourceTitle "CBM 166 Extra"]
[Source "ChessBase"]
[SourceDate "2015.06.18"]
[SourceVersion "1"]
[SourceVersionDate "2015.06.18"]
[SourceQuality "1"]

1. e4 e5 2. Nf3 Nc6 3. d4 exd4 4. Nxd4 Nf6 5. Nxc6 bxc6 6. Nc3 Bb4 7. Bd2 0-0 8. e5 Re8 9. Qe2 d6 10. Bf4 Nd5 11. Qc4 dxe5 12. Bd2 Qd6 13. 0-0-0 Nb6 14. Qh4 Bf5 15. Ne4 Bxd2+ 16. Rxd2 Qe6 17. b3 Qe7 18. Qxe7 Rxe7 19. Ng3 Bg6 20. h4 h6 21. h5 Bh7 22. Rh4 Nd5 23. Bd3 Bxd3 24. Rxd3 Nf4 25. Nf5 Nxd3+ 26. cxd3 Re6 27. Rg4 g5 28. hxg6 fxg6 29. Nxh6+ Kh7 30. Nf7 Rf6 31. Nxe5 Re8 32. Re4 Rxf2 33. Ng4 Rxe4 34. dxe4 Rxg2 35. Nf6+ Kg7 36. Ne8+ Kf7 37. Nxc7 Rxa2 38. b4 Re2 39. b5 Rxe4 40. bxc6 Rc4+ 41. Kd2 Rxc6 42. Nd5 Rd6 43. Kc3 Rxd5 44. Kc4 Rf5 45. Kd4 a5 46. Kc4 g5 47. Kd4 a4 48. Kc4 g4 49. Kb4 g3 50. Kxa4 Rc5 51. Kb4 Rc8 52. Kb5 g2 0-1